000 00827cab a2200265 4500
001 WB3303-18
008 090401t1997 xxu||||| |||| 00| 0 eng d
035 _a(Sirsi) u26454
041 _aeng
245 _aWho pays for pollution
260 _c1997
350 _a0
490 _aIndependent
_v11 January 1997, B20(1)
520 _aWarns that under the Environment Act 1995, when the polluter of contaminated land cannot be traced by the local authority the owner or occupier must bear the cost of cleaning it up.
650 _aBROWNFIELD SITES
650 _aCLEAN-UP COSTS
650 _aCONTAMINATED LAND
650 _aENVIRONMENT ACT 1995
650 _aLIABILITY
650 _aLOCAL AUTHORITIES
650 _aPOLLUTION
690 _aENVIRONMENTAL AND LAND CONSULTANCY
942 _n0
948 _c04/03/1997
999 _c17774
_d17774